Condensation of Newspaper Headlines diplomová práca

Na minha lista:
Detalhes bibliográficos
Autor principal: Kečkešová, Jana
Autor Corporativo: Fakulta aplikovaných jazykov EU v Bratislave. Katedra jazykovedy a translatológie
Outros Autores: Lančarič, Daniel
Formato: Livro
Idioma:inglês
Publicado em: Bratislava 2016
Tags: Adicionar Tag
Sem tags, seja o primeiro a adicionar uma tag!

MARC

LEADER 00000nbm a2200000 4500
001 0217471
005 20170306152158.4
041 0 |a eng 
044 |a SK 
245 1 0 |a Condensation of Newspaper Headlines  |b diplomová práca  |c Jana Kečkešová ; školiteľ: Daniel Lančarič 
264 1 |a Bratislava  |c 2016 
300 |a 80 s. 
100 1 |a Kečkešová, Jana 
700 1 |a Lančarič, Daniel 
710 2 |a Fakulta aplikovaných jazykov EU v Bratislave. Katedra jazykovedy a translatológie